| 000 | 00820nam a2200241 a 4500 | ||
|---|---|---|---|
| 001 | 64667 | ||
| 003 | BD-RjUL | ||
| 005 | 20211209081331.0 | ||
| 008 | 170219s19721972ii b 001 0 eng d | ||
| 035 | _a(BD-RjUL) 64797 | ||
| 040 |
_aBD-RjUL _cBD-RjUL _dBD-RjUL _beng |
||
| 041 | _aeng | ||
| 082 | 0 | 0 |
_a954.02 _223 _bKES 1972 |
| 100 | 1 |
_aKeene, H. G. _q(Henry George), _d1825-1915. _9191729 |
|
| 245 | 1 | 2 |
_aA sketch of the history of Hindustan from the first Muslim conquest to the fall of the Mughol Empire / _cby H. G. Keene. |
| 260 |
_aDelhi, _bIdarah-i Adabiyāt-i Delli _c[1972] |
||
| 300 |
_axxxv, 476 p. : _bill. ; _c23 cm. |
||
| 500 | _aIncludes Index. | ||
| 650 |
_aMogul Empire _xHistory. _9191730 |
||
| 651 | 0 |
_aMogul Empire _xHistory. _9191730 |
|
| 651 | 0 |
_aIndia _xHistory _y1000-1765. _9190214 |
|
| 942 |
_2ddc _cBK |
||
| 999 |
_c64667 _d64667 |
||